00703nas a2200241Ia 4500001002100000003001000021008004100031040002500072041001300097100001400110210002700124222002700151240002300178245002300201250001100224260000900235501012300244300000900367362001700376500003400393650002300427700001100450db2-417 [d000000316]IT-MiCISF161014c99999999xx |||||||||||| ||und|| aIT-MiCISFcIT-MiCISF aFRANCESE aRoy David aProspective et santé aProspective et santé aDe la bioéthique 0aDe la bioéthique a1a ed. c1980 bCISF - Centro Internazionale Studi Famiglia - Via Giotto, 36 20145 MILANO (non commercial uses only)cCopyright 2016 ap. 7 a n. 5 [1980] a Tema: bioetica, legislazione aBIOETICAvarticolo aAA.VV.